Doctrina general del Estado : elementos de filosofía política /

Сохранить в:
Библиографические подробности
Главный автор: Dabin, Jean (autor)
Другие авторы: González Uribe, Héctor (traducción) (traducción), Toral Moreno, Jesús (traducción) (traducción)
Формат:
Язык:испанский
Опубликовано: México : Jus, 1946, c1946
Предметы:
Метки: Добавить метку
Нет меток, Требуется 1-ая метка записи!

MARC

LEADER 00000nam^a2200000^a^4500
001 000232658
005 20250521000000.0
009 20260310104612.296
035 |a 055993 
037 |a Acervo Xavier Clavigero 
041 |a ESP 
082 |a 320. 012  |b DAB 
100 |a Dabin, Jean  |e (autor) 
245 1 0 |a Doctrina general del Estado :  |b elementos de filosofía política /  |c J. Dabin ; tr. por H. González Uribe, J. Toral Moreno. 
264 4 |a México :  |b Jus,  |c 1946, c1946 
300 |a 513 p. 
336 |a texto  |b txt  |2 rdacontenido 
337 |a sin mediación  |b n  |2 rdamedio 
338 |a volumen  |b nc  |2 rdasoporte 
500 |a Traducción de: Doctrine générale de L'Etat. Eléments de philosophie politique 
649 |a XX 
650 |a Estado, El -  |x Tema Principal 
650 |a Estado, El -  |x Teoría 
650 |a Democracia 
650 |a Sistema Político 
650 |a Poder Político 
650 |a Bien Común 
650 |a Democracia 
650 |a Derecho Constitucional 
650 |a Derecho Público 
650 |a Derecho -  |x Teoría 
650 |a Política -  |x Teoría 
650 |a Filosofía Política 
700 |a González Uribe, Héctor  |e (traducción) 
700 |a Toral Moreno, Jesús  |e (traducción) 
910 |a Fondo General 
920 |a Impresos - Libros 
930 |a Colección General 
905 |a 101 
901 |a 055993  |b IT1  |c ACC  |i 055993  |u 20250521 
902 |a https://opac.biblio.iteso.mx/vufind/Record/000232658